武蔵小杉駅から出ている最も多い行き先 - Statistics

General Stats
  • This quiz has been taken 225 times
    154 since last reset
  • The average score is 8 of 12
Answer Stats
Question Answer % Correct
JR南武線(上り) 川崎
94%
東急東横線(下り) 元町・中華街
93%
JR相鉄線直通(下り) 海老名
92%
JR南武線(下り) 立川
92%
JR相鉄線直通(上り) 新宿
81%
東急東横線(上り) 和光市
68%
東急目黒線(上り) 西高島平
65%
JR横須賀線(上り) 千葉
64%
東急目黒線(下り) 日吉
53%
JR湘南新宿ライン(南行) 逗子
40%
JR湘南新宿ライン(北行) 宇都宮
38%
JR横須賀線(下り) 久里浜
37%
No matching quizzes found
Score Distribution
Percent of People with Each Score
Percentile by Number Answered
Your Score History
You have not taken this quiz since the last reset